The playboy comes home. (Record no. 7405)

000 -LEADER
fixed length control field 00599nam a2200205 a 4500
001 - CONTROL NUMBER
control field :::00005166$&:&@@
003 - CONTROL NUMBER IDENTIFIER
control field OkBaRHE
005 - DATE AND TIME OF LATEST TRANSACTION
control field 20000607103323.0
008 - FIXED-LENGTH DATA ELEMENTS--GENERAL INFORMATION
fixed length control field s1976 j 000 0 eng u
020 ## - INTERNATIONAL STANDARD BOOK NUMBER
International Standard Book Number 0882435728
040 ## - CATALOGING SOURCE
Transcribing agency
100 1# - MAIN ENTRY--PERSONAL NAME
Personal name Ward, C. M.
245 14 - TITLE STATEMENT
Title The playboy comes home.
260 ## - PUBLICATION, DISTRIBUTION, ETC. (IMPRINT)
Place of publication, distribution, etc Springfield, MO., :
Name of publisher, distributor, etc Gospel Publishing House
Date of publication, distribution, etc c1976
300 ## - PHYSICAL DESCRIPTION
Extent 107 p. ;
Dimensions 18 cm.
490 0# - SERIES STATEMENT
Series statement Radiant books.
650 ## - SUBJECT ADDED ENTRY--TOPICAL TERM
Topical term or geographic name as entry element Prodigal Son (Parable)
942 ## - ADDED ENTRY ELEMENTS (KOHA)
Source of classification or shelving scheme
Koha item type Books
Copies
Koha item type Withdrawn status Source of classification or shelving scheme Lost status Full call number Permanent Location Barcode Copy number Damaged status Price effective from Not for loan Date last seen Shelving location Date acquired
Books   BT 378 .P8W27RHEMA Bible Training College51661 2010-04-14 2010-04-14General Stacks2010-04-14